Silksong General Knowledge Quiz - Statistics

General Stats
  • This quiz has been taken 222 times
    191 since last reset
  • The average score is 42 of 100
Answer Stats
Picture Hint Answer % Correct
Who is this? (IMPOSSIBLE Edition) Lace
81%
Who is this? Trobbio
77%
Who is this? Eva
76%
What enemy is this? Grand Mother Silk
75%
Who is this? Pinstress
75%
Who is this? Sherma
73%
Who is this? Green Prince
72%
Who is this? Nuu
72%
What does this shrine give you? Sprint
70%
What does this guy want? Relic
69%
Who is this magnificent person? Groal the GREAT
68%
Where is this? Mosshome
67%
What is this? Pollip
64%
What is this thing Second Sentinel
64%
How do you get down here? Bellway
63%
Who is this? Greyroot
63%
What do you find here? Pickled Muckmaggot
63%
What is this? Chapel of the Beast
61%
What ability does this statue give you? Clawline
61%
What is this? Pilgrim's Rest
61%
What is this? Mask Maker's Hut
60%
What is this material? Craftmetal
59%
Who is this? Styx
59%
What enemy is this? Muckroach
58%
What is found at the waterfall Shakra's Master
58%
What boss is fought in this zone? Moss Mothers
56%
Who is this? Conductor Ballador
55%
What is the small circle above the bench? Chapel of the Architect
54%
What is this structure called? First Shrine
54%
Who is found near this bench? Shakra
54%
How can you access this bench? Break a wall
53%
Who is this? Loam
52%
What is the name of this station? Terminus
52%
What is this contraption's function? Elevator
51%
Who is this? Alchemist Zylotol
50%
What is the name of this sub-area? Bilehaven
50%
Who is this? Gilly
50%
What NPC's house contains this bench? Huntress
50%
Who is this? Vog
50%
Who is near this bench? Grindle/Loddie
48%
Who is this? Caretaker
47%
What tool can be acquired here? Dead Bug's Purse
47%
What do you loot from this corpse? The Slab Map
47%
What two areas does this part of the map connect to? Underworks, Choral Chambers
47%
Where does this door lead? Grand Gate
46%
What can be looted from this room? Psalm Cylinder
46%
What happens in this pit? The Unravelled bossfight
46%
Who is this? Jubilana
45%
What is the name of this sub-area? Pale Lake
44%
What is found in the center room? Crustnut
42%
What tool is found in this room? Voltvessels
42%
What happens if you destroy these Wipes out all Clawmaidens
42%
What enemy is this? Huge Flea
41%
Who is this? Mottled Skarr
41%
Who is found here, past the bellway? Lumble the Lucky
40%
Who is this? Creige
37%
Who is this? Old Penitent
37%
What is beyond this wall? Kratt/Kratt's Spa
36%
Who is this? Fearful Pilgrim
35%
What enemy is this? Mossmir
34%
What enemy is this? Stilkin
34%
How do you unlock this bench? Break the bag it is inside
33%
What can be done at the very center of this map? Craft Cogflies
33%
Who is this? Loyal Mergwin
33%
What enemy is this? Penitent
33%
What do you fight in the top room? Skarrgard
33%
Who/What is this? Fayforn
32%
What enemy is this? Maestro
32%
What enemy is this? Mortician
30%
What is the name of this Sub-Area? Weavenest Karn
30%
What enemy is this? Burning Bug
29%
What enemy is this? Mitemother
28%
What enemy is this? Scrollreader
28%
What enemy is this? Shardillard
28%
What is this circle? A Giant Wheel
27%
Which enemy is fought exclusively in this room (Where Sherma is found)? Surgeon
27%
What 'mini-boss' enemy do you fight in the bottom right? Cogwork Clapper
26%
What enemy is this? Ductsucker
26%
What is found in this room Choral Commandments
25%
Who is this? Pondcatcher Reed
25%
What enemy is this? Hardbone Hopper
24%
What enemy is this? Snitchfly
24%
What enemy is this? Underscrub
24%
What enemy is this? Grom
23%
What unique enemy is found in the left room? Massive Mossgrub
22%
What enemy is this? Caranid
21%
What enemy do you fight in this room? Covetous Pilgrim
21%
What enemy is this? Winged Furm
21%
What enemy is this? Choir Elder
20%
What enemy is this? Choristor
20%
What item can be found in the top left corner? Frayed Rosary Necklace
20%
What enemy is this? Mnemonid
18%
What enemy is this? Servitor Ignim
18%
What enemy is this? Coral Furm
17%
What enemy is this? Gahlia
16%
What does the centered room do? Summons Vaultborns
15%
What is this material? Voltridian
14%
What enemy is this? Cogwork Cleanser
13%
What goodie is found in this room? Treasure Chest
11%
What are these structures called? (Actually Impossible) Great Scales
4%
No matching quizzes found
Score Distribution
Percent of People with Each Score
Percentile by Number Answered
Your Score History
You have not taken this quiz since the last reset